Análisis de la influencia de la presión de inflado sobre ls respuestas críticas en el desempeño de los pavimentos
保存先:
| 第一著者: | |
|---|---|
| フォーマット: | 図書 |
| 言語: | Spanish |
| 出版事項: |
[San José], Costa Rica
2016
|
| 主題: | |
| タグ: |
タグ追加
タグなし, このレコードへの初めてのタグを付けませんか!
|
MARC
| LEADER | 00000nam a22000007a 4500 | ||
|---|---|---|---|
| 003 | 012580 | ||
| 005 | 20221231144207.0 | ||
| 008 | 170427b2016 cr a|||| |||| 00| ||spa d | ||
| 040 | |c cru CEDI | ||
| 090 | |a TFG 7732 | ||
| 100 | |9 8109 |a Clark Araya, Daniel | ||
| 245 | |a Análisis de la influencia de la presión de inflado sobre ls respuestas críticas en el desempeño de los pavimentos | ||
| 260 | |a [San José], Costa Rica |c 2016 | ||
| 300 | |a xvi,152 hojas; ilustraicones a color | ||
| 500 | |a Proyecto de graduación (licenciatura en ingeniería civil)--Universidad de Costa Rica. Facultad de Ingeniería. Escuela de Ingeniería Civil | ||
| 650 | |x PAVIMENTOS FLEXIBLES |x PAVIMENTOS - PRUEBAS |x NEUMATICOS - PRESION DE INFLADO |9 8110 | ||
| 942 | |c TFG | ||
| 999 | |c 18255 |d 18255 | ||
